| 000 | 00390nam a2200145Ia 4500 | ||
|---|---|---|---|
| 008 | 150201s2004 xx 000 0 und d | ||
| 082 |
_a617.692 _bS2004R |
||
| 100 | _aRBERSON,THEODORE | ||
| 245 | _aSTURDEVANT ART & SCIENCE OPERATIVE DENTISTRY | ||
| 250 | _a4TH | ||
| 260 |
_bMOSBY _aDELHI _c2004 |
||
| 300 | _a1-950 | ||
| 650 | _aCONSERVATIVE DENTISTRY & ENDODONTICS | ||
| 942 |
_2ddc _cBK _013 |
||
| 999 |
_c2898 _d2898 |
||